书目信息 |
| 题名: |
认真读点马列原著20讲
|
|
| 作者: | ;中华魂杂志编辑部 编 | |
| 分册: | ||
| 出版信息: | 北京 中央文献出版社 2006 |
|
| 页数: | 270页 | |
| 开本: | 21cm | |
| 丛书名: | ||
| 单 册: | ||
| 中图分类: | A81 , A85 | |
| 科图分类: | ||
| 主题词: | 马列著作研究 , 马列著作研究--学习参考资料 , 马列著作研究--汇编--学习 , 马列著作研究--汇编 | |
| 电子资源: | ||
| ISBN: | 7-5073-2154-1 | |
| 000 | 00960nam0 2200277 450 | |
| 001 | 1240468859 | |
| 005 | 20120929111614.29 | |
| 010 | @a7-5073-2154-1@dCNY18.00 | |
| 100 | @a20060518d2006 em y0chiy50 ea | |
| 101 | 0 | @achi |
| 102 | @aCN@b110000 | |
| 105 | @ay z 000yy | |
| 106 | @ar | |
| 200 | 1 | @a认真读点马列原著20讲@f《中华魂》编辑部编@Aren zhen du dian ma lie yuan zhu 20 jiang |
| 210 | @a北京@c中央文献出版社@d2006 | |
| 215 | @a270页@d21cm | |
| 330 | @a本书内容包括:“为什么要认真读点马列原著”、“《共产党宣言》:指引我们胜利前进的灯塔”、“《法兰西内战》:无产阶级专政的理论基石”等。 | |
| 606 | 0 | @a马列著作研究 |
| 606 | 0 | @a马列著作研究@j学习参考资料 |
| 606 | 0 | @a马列著作研究@x汇编@x学习 |
| 606 | 0 | @a马列著作研究@x汇编 |
| 690 | @aA81@v4 | |
| 690 | @aA85@v4 | |
| 711 | 02 | @a中华魂杂志编辑部@4编@Azhong hua hun za zhi bian ji bu |
| 801 | 0 | @aCN@b大连网信软件有限公司图书馆·11@c20120929 |
| 905 | @a10447@dA85@eJY1 | |
| 认真读点马列原著20讲/《中华魂》编辑部编.-北京:中央文献出版社,2006 |
| 270页;21cm |
| ISBN 7-5073-2154-1:CNY18.00 |
| 本书内容包括:“为什么要认真读点马列原著”、“《共产党宣言》:指引我们胜利前进的灯塔”、“《法兰西内战》:无产阶级专政的理论基石”等。 |
| ● |
| 相关链接 |
|
|
|
|
正题名:认真读点马列原著20讲
索取号:A85/JY1
 
预约/预借
| 序号 | 登录号 | 条形码 | 馆藏地/架位号 | 状态 | 备注 |
| 1 | 7809541 | 278095419 | 学院路分馆/ [索取号:A85/JY1] | 在馆 | |
| 2 | 7809542 | 278095428 | 学院路分馆/ [索取号:A85/JY1] | 在馆 |